Who Starred in What? - Statistics

General Stats
  • This quiz has been taken 6 times
  • The average score is 74 of 135
Answer Stats
Question Tile Select % Correct
actors that provided voices in Hotel Transylvania Adam Sandler Yes
100%
actors that starred in Night At The Museum Ben Stiller Yes
100%
actors that provided voices in Megamind Billy Bob Thornton No
100%
actors that starred in Dungeons & Dragons: Honor Among Thieves Chris Pine Yes
100%
actors that starred in Dungeons & Dragons: Honor Among Thieves Dylan O'Brien No
100%
actors that provided voices in Megamind John Krasinski No
100%
actors that provided voices in Megamind Jonah Hill Yes
100%
actors that starred in Avatar Kevin Kline No
100%
actors that starred in Avatar Matt Damon No
100%
actors that starred in Dungeons & Dragons: Honor Among Thieves Michelle Rodriguez Yes
100%
actors that starred in Night At The Museum Owen Wilson Yes
100%
actors that starred in Night At The Museum Robin Williams Yes
100%
actors that starred in Rock Of Ages Russell Brand Yes
100%
actors that starred in Avatar Sigourney Weaver Yes
100%
actors that starred in Night At The Museum Steve Coogan Yes
100%
actors that starred in Rock Of Ages Tom Cruise Yes
100%
actors that starred in Dungeons & Dragons: Honor Among Thieves Uma Thurman No
100%
actors that provided voices in Megamind Will Ferrell Yes
100%
actors that starred in Avatar Zoë Saldana Yes
100%
actors that starred in Red Riding Hood Amanda Seyfried Yes
75%
actors that starred in Man Of Steel Amy Adams Yes
75%
actors that provided voices in Hotel Transylvania Andy Samberg Yes
75%
actors that provided voices in Kung Fu Panda Angelina Jolie Yes
75%
actors that starred or provided voices in Alice In Wonderland Anne Hathaway Yes
75%
actors that starred in Glass Onion: A Knives Out Mystery Daniel Craig Yes
75%
actors that starred in Night At The Museum Dick Van Dyke Yes
75%
actors that provided voices in Kung Fu Panda Dustin Hoffman Yes
75%
actors that starred in Avatar Giovanni Ribisi Yes
75%
actors that starred or provided voices in Alice In Wonderland Helena Bonham Carter Yes
75%
actors that starred in Man Of Steel Henry Cavill Yes
75%
actors that starred in Dungeons & Dragons: Honor Among Thieves Hugh Grant Yes
75%
actors that starred in Night At The Museum Hugh Jackman No
75%
actors that provided voices in Kung Fu Panda Jack Black Yes
75%
actors that provided voices in Kung Fu Panda Jackie Chan Yes
75%
actors that starred in Dante's Peak Jane Fonda No
75%
actors that starred in The Losers Jeffrey Dean Morgan Yes
75%
actors that starred or provided voices in Alice In Wonderland Johnny Depp Yes
75%
actors that starred in Man Of Steel Kevin Costner Yes
75%
actors that provided voices in Hotel Transylvania Kevin James Yes
75%
actors that starred in Red Riding Hood Morgan Freeman No
75%
actors that starred in Man Of Steel Oscar Isaac No
75%
actors that starred in Night At The Museum Ricky Gervais Yes
75%
actors that starred in Avatar Sam Worthington Yes
75%
actors that provided voices in Hotel Transylvania Selena Gomez Yes
75%
actors that starred in Avatar Stephen Lang Yes
75%
actors that provided voices in Hotel Transylvania Steve Buscemi Yes
75%
actors that starred in Dante's Peak Tommy Lee Jones No
75%
actors that starred or provided voices in Alice In Wonderland Alan Rickman Yes
50%
actors that provided voices in Frozen Alan Tudyk Yes
50%
actors that starred in Rock Of Ages Amanda Seyfried No
50%
actors that provided voices in Megamind Anna Kendrick No
50%
actors that provided voices in Megamind Ben Stiller Yes
50%
actors that starred in Red Riding Hood Billy Burke Yes
50%
actors that starred in Rock Of Ages Bryan Cranston Yes
50%
actors that starred in Night At The Museum Carla Gugino Yes
50%
actors that starred in Dante's Peak Charles Hallahan Yes
50%
actors that starred in The Losers Chris Evans Yes
50%
actors that starred in Bad Times At The El Royale Chris Hemsworth Yes
50%
actors that provided voices in Hotel Transylvania Chris Rock No
50%
actors that starred in Bad Times At The El Royale Cynthia Erivo Yes
50%
actors that starred in Bad Times At The El Royale Dakota Johnson Yes
50%
actors that provided voices in Megamind David Cross Yes
50%
actors that provided voices in Kung Fu Panda David Cross Yes
50%
actors that provided voices in Hotel Transylvania David Spade Yes
50%
actors that starred in Man Of Steel Diane Lane Yes
50%
actors that starred in Avatar Dileep Rao Yes
50%
actors that starred in Red Riding Hood Gary Oldman Yes
50%
actors that starred in Dungeons & Dragons: Honor Among Thieves Georgia Landers Yes
50%
actors that provided voices in Kung Fu Panda Ian McShane Yes
50%
actors that provided voices in Frozen Idina Menzel Yes
50%
actors that starred in The Losers Idris Elba Yes
50%
actors that starred in Night At The Museum Jake Cherry Yes
50%
actors that starred in Bad Times At The El Royale Jeff Bridges Yes
50%
actors that starred in Dante's Peak Jeremy Foley Yes
50%
actors that starred in Man Of Steel Jesse Eisenberg No
50%
actors that provided voices in Frozen Jonathan Groff Yes
50%
actors that provided voices in Hotel Transylvania Jon Lovitz Yes
50%
actors that provided voices in Frozen Josh Gad Yes
50%
actors that starred in Rock Of Ages Julianne Hough Yes
50%
actors that starred in Dungeons & Dragons: Honor Among Thieves Justice Smith Yes
50%
actors that provided voices in Frozen Kristen Bell Yes
50%
actors that starred in Man Of Steel Laurence Fishburne Yes
50%
actors that starred in Glass Onion: A Knives Out Mystery Leslie Odom Jr Yes
50%
actors that starred in Dante's Peak Linda Hamilton Yes
50%
actors that provided voices in Kung Fu Panda Lucy Lui Yes
50%
actors that starred in Bad Times At The El Royale Mark Rylance No
50%
actors that starred in Rock Of Ages Mary J Blige Yes
50%
actors that starred or provided voices in Alice In Wonderland Mia Wasikowska Yes
50%
actors that starred in Glass Onion: A Knives Out Mystery Michael Shannon No
50%
actors that starred in Dante's Peak Pierce Brosnan Yes
50%
actors that provided voices in Frozen Rachel House No
50%
actors that provided voices in Hotel Transylvania Rob Schneider No
50%
actors that starred in The Losers Tim Blake Nelson No
50%
actors that provided voices in Megamind Tina Fey Yes
50%
actors that starred in The Losers Zoë Saldana Yes
50%
actors that starred in Rock Of Ages Alec Baldwin Yes
25%
actors that starred in Man Of Steel Antje Traue Yes
25%
actors that starred or provided voices in Alice In Wonderland Barbara Windsor Yes
25%
actors that provided voices in Megamind Brad Pitt Yes
25%
actors that starred in Rock Of Ages Catherine Zeta-Jones Yes
25%
actors that starred in Glass Onion: A Knives Out Mystery Chris Evans No
25%
actors that starred in Man Of Steel Christopher Meloni Yes
25%
actors that provided voices in Frozen Chris Williams Yes
25%
actors that provided voices in Frozen Ciarán Hinds Yes
25%
actors that starred in The Losers Columbus Short Yes
25%
actors that starred or provided voices in Alice In Wonderland Crispin Glover Yes
25%
actors that starred in Dungeons & Dragons: Honor Among Thieves Daisy Head Yes
25%
actors that starred in Glass Onion: A Knives Out Mystery Dave Bautista Yes
25%
actors that starred in Rock Of Ages Diego Boneta Yes
25%
actors that starred in Glass Onion: A Knives Out Mystery Edward Norton Yes
25%
actors that starred in Dante's Peak Elizabeth Hoffman Yes
25%
actors that starred in Bad Times At The El Royale Gal Gadot No
25%
actors that starred in Dante's Peak Grant Heslov Yes
25%
actors that starred in The Losers Holt McCallany Yes
25%
actors that starred in Dante's Peak Jamie Renée Smith Yes
25%
actors that starred in The Losers Jason Patric Yes
25%
actors that starred in Avatar Joel David Moore Yes
25%
actors that starred in Bad Times At The El Royale Jon Hamm Yes
25%
actors that starred in Red Riding Hood Julie Christie Yes
25%
actors that starred in Glass Onion: A Knives Out Mystery Kate Hudson Yes
25%
actors that starred in Glass Onion: A Knives Out Mystery Kathryn Hahn Yes
25%
actors that starred or provided voices in Alice In Wonderland Leo Bill Yes
25%
actors that starred in Red Riding Hood Lukas Haas Yes
25%
actors that starred in Glass Onion: A Knives Out Mystery Madelyn Cline Yes
25%
actors that starred or provided voices in Alice In Wonderland Matt Lucas Yes
25%
actors that starred in Red Riding Hood Max Irons Yes
25%
actors that starred in Bad Times At The El Royale Nick Offerman Yes
25%
actors that starred in The Losers Óscar Jaenada Yes
25%
actors that provided voices in Frozen Santino Fontana Yes
25%
actors that provided voices in Kung Fu Panda Seth Rogen Yes
25%
actors that starred in Bad Times At The El Royale Shea Whigham Yes
25%
actors that starred in Red Riding Hood Shiloh Fernandez Yes
25%
actors that starred in Dungeons & Dragons: Honor Among Thieves Sophia Lillis Yes
25%
actors that starred in Red Riding Hood Virginia Madsen Yes
25%
actors that provided voices in Kung Fu Panda Wayne Knight Yes
25%
No matching quizzes found
Score Distribution
Percent of People with Each Score
Percentile by Number Answered
Your Score History
You have not taken this quiz